000 00763nam a2200241Ia 4500
003 OSt
005 20220918164808.0
006 a|||||r|||| 00| 0
007 ta
008 220917b |||||||| |||| 00| 0 eng d
020 _a076195502X (pbk)
024 _a176,961
037 _cTextual
040 _aARTS
_cARTS
_beng
041 _2eng
_aeng
082 _aR853xNFO:g, N9 (SC)
100 _aAshenden Samantha
_920857
245 0 _aFoucault contra habermas
_b recasting the dialogue between genealogy and critical theory edited by Samantha Ashenden and David Owen
260 _aLondon
_bSage Publications
_c1999
300 _a216p.
_ccm.
942 _hR853xNFO:g, N9 (SC)
_cTEXL
_2CC
999 _c126666
_d126666